| 000 | 00347nam a22001457a 4500 | ||
|---|---|---|---|
| 020 | _a81-8482-519-6 | ||
| 082 |
_a823 _bFER/B |
||
| 100 | _aFERNANDES, LUIS | ||
| 245 | _aBEWARE IT'S THE DEFECTIVE DETECTIVE | ||
| 260 |
_aMUMBAI _bTINKLE |
||
| 300 | _a72 | ||
| 520 | _aENGLISH SHORT STORIES | ||
| 650 |
_aENGLISH SHORT STORIES _zMUMBAI |
||
| 942 | _cBK | ||
| 999 |
_c5123 _d5123 |
||